00706nam a2200253   4500003000400000005001700004008004100021020001800062040001800080041000800098050002000106100004300126245002200169264002600191300001800217336002200235337002400257338002400281500002300305650002100328650003000349650003200379651004100411OSt20260601193838.0260505b2007    |||||||| |||| 00| 0 spa d  a10 9689268007  aICIbspacICI  aspa  aGC251bH84 2007 1aAlfonso Huerta Ceballos, EtAlt,eautor 1aMares de México  bAlfonso Huerta c2007  a420 páginas  atexto2rdacontent  asin medio2rdamedia  avolumen2rdacarrier  aContiene un CD ROM  aMareszMéxico.  aOceanografíazMéxico.  aRecursos marinoszMéxico.  aMéxicoxCondiciones geográficas.